00368 a2200109 4500001001000000005001700010008004100027245006100068100002000129700002100149773008800170ART_4540420260410161939.0260409a 10aDegree of monopoly, pricing, and flexible exchange rates1 aArestis, Philip1 aMilberg, William0 tJournal of post Keynesian economicsg- Vol. 16, NÂș 2 (dic.1993/mar.1994)wREV26226